| 000 | 00822cam a22002651 4500 | ||
|---|---|---|---|
| 999 |
_c22637 _d22637 |
||
| 001 | 6951960 | ||
| 003 | BDDh-ASL | ||
| 005 | 20231015030141.0 | ||
| 008 | 750904s19571949enk b 000 0 eng | ||
| 010 | _a 49006444 | ||
| 035 | _a(OCoLC)1599018 | ||
| 040 |
_aDLC _cF _dDLC _dBDDh-ASL |
||
| 050 | 0 | 0 |
_aDS38 _b.O38 |
| 082 | 0 | 0 |
_a909.0974 _221 _bOLH |
| 100 | 1 |
_aO'Leary, De Lacy, _d1872-1957. |
|
| 245 | 1 | 0 | _aHow Greek science passed to the Arabs / |
| 260 |
_aLondon: _bRoutledge and K. Paul, _c[1949] _c1957. |
||
| 300 |
_avi, 196 p. : _c23 cm. |
||
| 504 | _aBibliography: p. [189]-192. | ||
| 650 | 0 |
_aCivilization, Arab _xGreek influences. |
|
| 650 | 0 | _aHellenism. | |
| 650 | 0 |
_aChurch history _yPrimitive and early church, ca. 30-600. |
|
| 906 |
_a7 _bcbc _coclcrpl _du _encip _f19 _gy-gencatlg |
||
| 942 |
_2ddc _cBK |
||